ბათუმის შოთა რუსთაველის სახელმწიფო უნივერსიტეტის ბიბლიოთეკა

სიმღერა როლანზე : (ბიბ.ჩანაწერი № 55981)

000 -ლიდერი
ფიქსირებული სიგრძის საკონტროლო ველი 01436nam a2200277Ia 4500
001 - საკონტროლო ნომერი
საკონტროლო ველი 23080
003 - საკონტროლო ნომრის იდენტიფიკატორი
საკონტროლო ველი GE_BSU
005 - ბოლო ოპერაციის თარიღი და დრო
საკონტროლო ველი 20230710121347.0
008 - ფიქსირებული სიგრძის მონაცემთა ელემენტები - ზოგადი ინფორმაცია
ფიქსირებული სიგრძის საკონტროლო ველი 181216s2001||||ge |||||||||||||| ||geo||
040 ## - კატალოგიზაციის წყარო
Transcribing agency GE_BSU
041 ## - ენის კოდი
Language code of text/sound track or separate title geo
080 ## - უნივერსალური ათობითი კლასიფიკაციის ინდექსი
Universal Decimal Classification number 821.133.1-13 ს-50
245 ## - ცნობა სათაურის შესახებ
Title სიმღერა როლანზე :
Remainder of title ფრანგული საგმირო ეპოსის მიხედვით /
Statement of responsibility, etc პროექტის ავტ. თამარ ებრალიძე ; რედ. დალი გერმანიშვილი.
264 ## - წარმოების, გამოცემის, დისტრიბუციის და სხვა ცნობები
გამოცემის, წარმოების, დისტრიბუციის... ადგილი თბილისი :
გამოცემის, წარმოების, დისტრიბუციის... სახელწოდება ლიტერა,
გამოცემის, წარმოების, დისტრიბუციის... თარიღი 2001.
300 ## - ფიზიკური აღწერა
Extent 44გვ. :
Other physical details ილ. ;
Dimensions 20 სმ.
490 ## - სერიის ცნობა
Series statement ცივილიზაციათა დიალოგი : სერია "გმირები"
653 ## - INDEX TERM--UNCONTROLLED
Uncontrolled term სიმღერა როლანზე : ფრანგული საგმირო ეპოსის მიხედვით
653 ## - INDEX TERM--UNCONTROLLED
Uncontrolled term შარლემანი
653 ## - INDEX TERM--UNCONTROLLED
Uncontrolled term . ფრანგული საგმირო ეპოსი
653 ## - INDEX TERM--UNCONTROLLED
Uncontrolled term საგმირო ეპოსი ლიტერატურაში
653 ## - INDEX TERM--UNCONTROLLED
Uncontrolled term არაბობა საქართველოში
653 ## - INDEX TERM--UNCONTROLLED
Uncontrolled term კაროლინგები
700 ## - ADDED ENTRY--PERSONAL NAME
Personal name გერმანიშვილი, დალი
Relator term რედაქტორი
9 (RLIN) 5061
942 ## - ADDED ENTRY ELEMENTS (KOHA)
Koha item type წიგნი
Source of classification or shelving scheme
ეგზემპლარები
ჩამოწერის სტატუსი დაკარგული ეგზემპლარის სტატუსი კლასიფიკაციის წყარო ან თაროზე გაწყობის სქემა დაზიანების სტატუსი არ გაიცემა მუდმივი მდებარეობა (დაცვის ადგილი) ამჟამინდელი ადგილსამყოფელი თაროზე განთავსების ადგილი შეძენის თარიღი ღირებულება, შესყიდვის ნორმალური ფასი სრული შენახვის შიფრი შტრიხკოდი ბოლო ოპერაციის თარიღი ეგზემპლარის მიმდევრობითი ნომერი (კეტერი?) ფასის ძალაში შესვლის თარიღი ეგზემპლარის სახეობა საჯარო შენიშვნა
          ბათუმის შოთა რუსთაველის სახელმწიფო უნივერსიტეტის მთავარი ბიბლიოთეკა ბათუმის შოთა რუსთაველის სახელმწიფო უნივერსიტეტის მთავარი ბიბლიოთეკა წიგნსაცავი 2018-12-17 5.00 821.133.1-13 ს-50 58521 2018-12-17 58521 2018-12-17 წიგნი 5.00 ₾.
          ბათუმის შოთა რუსთაველის სახელმწიფო უნივერსიტეტის მთავარი ბიბლიოთეკა ბათუმის შოთა რუსთაველის სახელმწიფო უნივერსიტეტის მთავარი ბიბლიოთეკა წიგნსაცავი 2018-12-17 2.10 821.133.1-13 ს-50 00147 ქსეროქსი 2018-12-17 00147 ქსეროქსი 2018-12-17 წიგნი 2.10 ₾.
          ბათუმის შოთა რუსთაველის სახელმწიფო უნივერსიტეტის მთავარი ბიბლიოთეკა ბათუმის შოთა რუსთაველის სახელმწიფო უნივერსიტეტის მთავარი ბიბლიოთეკა წიგნსაცავი 2018-12-17 2.10 821.133.1-13 ს-50 00146 ქსეროქსი 2018-12-17 00146 ქსეროქსი 2018-12-17 წიგნი 2.10 ₾.